01366nam a2200349 a 450000100060000000300080000600500170001400800410003102000440007202000380011602000380015402000380019203500200023003500190025004000420026904100080031108200290031924502510034824600340059925000190063326400430065230000530069533600210074833700250076933800230079450400510081750500420086865000260091065000270093665000230096370000300098681380BD-RjUL20230514122507.0230514s2016 mou b 001 0 eng  a9780702053221 (3 vol. set : alk. paper) a9780702053177 (v. 1 : alk. paper) a9780702053184 (v. 2 : alk. paper) a9780702053191 (v. 3 : alk. paper) a(DNLM)101653265 a(BD-RjUL)81380 aDNLM/DLCbengcDLCerdadDLCdBD-RjUL aeng00223a636.089607bJUB 201600aJubb, Kennedy, and Palmer's pathology of domestic animals /cedited by M. Grant Maxie, DVM, PhD, Diplomate ACVP, Co-Exeutive Director, Laboratory Service Division, Director, Animal Health Laboratory, University of Guelph, Guelph, Ontario, Canada.10aPathology of domestic animals aSixth edition. 1aSt. Louis, Missouri :bElsevier,c2016 a3 volumes :billustrations (some color) ;c29 cm atext2rdacontent aunmediated2rdamedia avolume2rdacarrier aIncludes bibliographical references and index.0 aVolume 1 -- Volume 2 -- Volume 3 -- 0aVeterinary pathology.12aPathology, Veterinary.22aAnimals, Domestic.1 aMaxie, M. Grant,eeditor.